000 00798nam a2200169 i 4500
001 160953
003 ES-MaACL
005 20250802063117.0
008 041007s1872 po |||| | por d
100 1 _aOliveira Pimentel, Julio Maximo de,
_cVisconde de Villa Maior
_9130621
245 1 0 _aDiscurso pronunciado pelo Reitor da Universidade de Coimbra Julio Maximo de Oliveira Pimentel, Visconde de Villa Maior, em 16 de outubro de 1872, por occasião da festa commemorativa da reforma da mesma Universidade em 1772.
260 _aCoimbra :
_b[s.n.],
_c1872 (
_fImp. da Uiversidade)
300 _a30 p. ;
_c25 cm.
610 2 _aUniversidade de Coimbra.
_97461
852 _aES-MaACL
_jT-246-F-4
_z- Enc. hol.
_q- Falto de cub. original
_z- Enc. en un vol. facticio
999 _c160953
_d160953